000 00706nam a2200265Ia 4500
003 OSt
005 20221005073551.0
006 a|||||r|||| 00| 0
007 ta
008 221004b |||||||| |||| 00| 0 eng d
024 _a103704
037 _cTextual
040 _aCRL
_cCRL
_beng
041 _2eng
_aeng
082 _aC7, M5
100 _aMurthy N S Satya
_9608114
245 0 _aMagnetism
260 _aNew Delhi
_bIndian National Science Academy India
_c1984
490 _aStatus Report Series 3
500 _aDSK Collection
650 _aPHYSICS
700 _a Rao L Madhav
_9608115
942 _hC7, M5
_cTEXL
_2cc
999 _c981351
_d981351